00811nam a2200253Ia 4500008004100000020001800041100002100059245003900080245002600119260001500145260002000160260000900180300002700189300002700216300001100243440002700254440001200281500016600293650002500459650001500484650002500499650002500524700000800549160803s9999 xx 000 0 und d a9780590922401 aKrulik, Nancy E. 4aThe magic school bus plays ball :  ba book about forces / aNew York : bScholastic Inc. c1997 a28 unnumbered pages :  bcolor illustrations ;  c21 cm. aThe Magic school bus ; vbk. 11. a"TV tie-in book adaptation by Nancy E. Krulik and illustrated by Art Ruiz ; TV script written by John May, Brian Meehl, and Jocelyn Stevenson"--Title page verso. aForce and energy --  aMotion --  xJuvenile literature. xJuvenile literature. a490